Quiz Sur Le Football - Statistiques

Statistiques générales
  • Ce quiz a été pris 431 fois
  • Le résultat moyen est 13 sur 18
Statistiques - réponses
Question Réponse % Correct
Quel joueur a remporté le ballon d'or 2023 ? Lionel Messi
99%
Quel joueur a été transféré au PSG pour la somme record de 222 millions d'euros ? Neymar da Silva Santos Júnior
96%
À qui correspond le "C" dans le trio "BBC" ? Cristiano Ronaldo
91%
Quel club historique a remporté la ligue des champions en 2020 ? Le Bayern de Munich
91%
Combien de Ligue des Champions possède l'Ac Milan ? Sept Ligue des Champions
91%
Comment appelle-t-on le football aux États-Unis ? Soccer
84%
Quel club saoudien Cristiano Ronaldo a rejoint en 2023 ? Al-Nassr FC
82%
Quel pays a remporté la Ligue des Nations en 2021 ? La France
81%
Quel club de Bundesliga allemande a crée l'exploit en devenant champion de la saison 2023-2024, le tout en restant invaincus ? Bayer 04 Leverkusen
78%
Quel club a remporté le plus d'Europa League ? Sevilla Fútbol Club
70%
Qui a battu le record de but en 1 saison de Premier League anglaise lors de sa première saison dans le championnat ? Erling Haaland
69%
Quel joueur français a marqué le plus de but (13 buts) en une campagne de Coupe du Monde ? Just Fontaine
69%
Quel entraineur a remporté la Ligue des Champions en 2021 avec Chelsea ? Thomas Tuchel
68%
Comment surnom-t-on l'équipe 2003-2004 d'Arsenal ? The Invincibles
62%
Quelle footballeuse international eespagnole a remporté deux Ballons d'Or ? Alexia Putellas
50%
Qui était le selectionneur de l'équipe national belge lors de leur campagne mémorable de Coupe du Monde en 2018 ? Roberto Martínez
42%
En quelle année Luis Suárez a-t-il remporté le Ballon d'Or ? 1960
37%
Qui sont les 2 joueurs présent sur la jaquette du tout premier Fifa d'EA sports (Fifa International Soccer ou Fifa 94) ? David Platt et Piotr Swierczewski
1%
Aucun quiz correspondant
Distribution des résultats
% des personnes avec chaque résultat
Percentile par nombre de réponses
Votre historique - résultats
Vous n’avez pas pris ce quiz